90's Rock Albums - Sudden Death - Statistics

General Stats
  • This quiz has been taken 884 times
  • The average score is 5 of 15
Answers on the Grid
Answers color-coded by a green-red scale on the quiz's grid according to % correct below.
Aerosmith - Get a Grip
Alanis Morissette - Jagged Little Pill
Alice in Chains - Jar of Flies
Bon Jovi - Slippery When Wet
The Cranberries - No Need to Argue
Creed - Weathered
The Darkness - Permission to Land
Evanescence - Fallen
Foo Fighters - The Color and the Shape
Guns 'N' Roses - Use Your Illusion I
Iron Maiden - Powerslave
Joan Jett & the Blackhearts - Up Your Alley
KoRN - Follow the Leader
Megadeth - So Far, So Good... So What?
Metallica - ...And Justice for All
Nirvana - In Utero
Oasis - What's the Story Morning Glory
Pearl Jam - Vs.
Phil Collins - ...But Seriously
Queen - The Miracle
R.E.M. - Automatic for the People
Radiohead - The Bends
Rolling Stones - Bridges to Babylon
Screaming Trees - Sweet Oblivion
SlipKnot - Iowa
The Smithereens - Especially For You
Soundgarden - Down on the Upside
System of a Down - Toxicity
Tom Petty - Full Moon Fever
U2 - The Joshua Tree
 
Answer Stats
Answer % Correct
Alice in Chains - Jar of Flies
67%
Alanis Morissette - Jagged Little Pill
52%
Nirvana - In Utero
45%
The Cranberries - No Need to Argue
35%
Pearl Jam - Vs.
34%
Aerosmith - Get a Grip
32%
Oasis - What's the Story Morning Glory
32%
Foo Fighters - The Color and the Shape
31%
Radiohead - The Bends
31%
Guns 'N' Roses - Use Your Illusion I
29%
KoRN - Follow the Leader
27%
R.E.M. - Automatic for the People
24%
Soundgarden - Down on the Upside
19%
Screaming Trees - Sweet Oblivion
10%
Rolling Stones - Bridges to Babylon
5%
No matching quizzes found
Score Distribution
Percent of People with Each Score
Percentile by Number Answered
Your Score History
You have not taken this quiz